000 00622nam a2200253Ia 4500
003 OSt
005 20221005125839.0
006 a|||||r|||| 00| 0
007 ta
008 221004b |||||||| |||| 00| 0 hin d
024 _a53914
037 _cTextual
040 _aCRL
_cCRL
_bhin
041 _2hin
_ahin
082 _aO152,3M80x, 32J7
100 _aPremchand
245 0 _aPrema panchami
260 _c1957
300 _a138p.
_ccm.
650 _a HINDI LITERATURE
_923866
650 _aHINDI FICTION
942 _hO152,3M80x, 32J7
_cTEXL
_2cc
999 _c1055274
_d1055274